000 00231nam a22000857a 4500
008 170606b xxu||||| |||| 00| 0 eng d
100 _93278
_aIkeda. D
245 _aThe prince and the corel
260 _aNew Delhi
_bNational Book Trust
_c2005
999 _c6595
_d6595